Online Catalogue and eLibrary

Yuddaye durvipaka Cost of War : (Record no. 1297)

MARC details
000 -LEADER
fixed length control field 00432nam a2200145Ia 4500
005 - DATE AND TIME OF LATEST TRANSACTION
control field 20250528034228.0
008 - FIXED-LENGTH DATA ELEMENTS--GENERAL INFORMATION
fixed length control field 240331s9999 xx 000 0 und d
082 ## - DDC Classification
Class No. 303.6
Item Number - Author Mark NAT
245 #0 - TITLE STATEMENT
Title Yuddaye durvipaka Cost of War :
Remainder of title Sri Lanka
260 ## - PUBLICATION, DISTRIBUTION, ETC.
Place of publication, distribution, etc. Sri Lanka
Name of publisher, distributor, etc. Sri Lanka National Peace Council
Date of publication, distribution, etc. 1998
300 ## - PHYSICAL DESCRIPTION
Extent (e.g. Volumes, Pages etc.) 31 p ., ( c 2)
500 ## - GENERAL NOTE
General note The evil eye (the consequences of fear)
700 ## - ADDED ENTRY--PERSONAL NAME
Personal name Sama Mandalaya.
Relator term (Role) Editor
942 ## - Koha item type (Biblio)
Koha item type Books in Stacks (Lending)
Holdings
Lost status Damaged status Collection code Home library Current library Shelving location Date acquired Full call number Accession Number Item type
    Lending WERC Library WERC Library Social Science Cupboard 03/31/2024 303.6 NAT 1902 Books in Stacks (Lending)

© WERC Library